Statystyki dla Postacie z Marvela

Kliknij tutaj aby rozwiązać quiz!

Ogólne statystyki

  • Ten quiz został rozwiązany 16 057 razy
  • Średni wynik to 9 z 15

Statystyki odpowiedzi

HintOdpowiedź% Poprawnych
Tony StarkIronman
97%
Peter ParkerSpiderman
97%
Bruce BannerHulk
94%
Son of OdinThor
93%
Steve RogersKapitan Ameryka
92%
Step brother of ThorLoki
83%
Natasha RomanoffCzarna wdowa
82%
T'ChallaCzarna Pantera
71%
Clint BartonHawkeye
52%
Carol DanversKapitan Marvel
44%
Sam WilsonFalcon
38%
Matthew MurdockDaredevil
27%
Johnny StormLudzka Pochodnia
15%
Reed RichardsPan Fantastyczny
15%
Susan StormNiewidzialna Kobieta
14%

Rozkład punktacji

Percentyl według liczby udzielonych odpowiedzi

Procent ludzi z każdym wynikiem

Twoja historia wyników

Nie rozwiązałeś tego quizu